00372nam a22001097a 4500082002800000100003800028245008100066260004600147300002400193526003700217650000800254 a625.84bCONcL-15, P-28 aThe concrete Association of India aSoil, Cement, Roads construction handbookcThe concrete Association of India aBombaybThe concrete Association of India a151 p.bill.c22 cm a0b0c0d625_840000000000000_CON aMCE